Methods in biotechnology and bioengineering : (Record no. 36576)
[ view plain ]
| 000 -LEADER | |
|---|---|
| fixed length control field | 00874nam a22002777a 4500 |
| 001 - CONTROL NUMBER | |
| control field | 36576 |
| 003 - CONTROL NUMBER IDENTIFIER | |
| rucl marc code | BD-RjUL |
| 005 - DATE AND TIME OF LATEST TRANSACTION | |
| control field | 20211209052515.0 |
| 008 - FIXED-LENGTH DATA ELEMENTS--GENERAL INFORMATION | |
| fixed length control field | 140705r20102002ii a|||| b||| 001 0 eng d |
| 020 ## - INTERNATIONAL STANDARD BOOK NUMBER | |
| International Standard Book Number | 9788123908007 |
| International Standard Book Number | 8123908008 |
| 035 ## - SYSTEM CONTROL NUMBER | |
| System control number | (BD-RjUL)36677 |
| 040 ## - CATALOGING SOURCE | |
| Original cataloging agency | BD-RjUL |
| Language of cataloging | eng |
| Transcribing agency | BD-RjUL |
| 041 ## - LANGUAGE CODE | |
| Language code of text/sound track or separate title | eng |
| 082 ## - DEWEY DECIMAL CLASSIFICATION NUMBER | |
| Classification number | 660.6 |
| Author mark and year | VYM 2010 |
| 100 ## - MAIN ENTRY--PERSONAL NAME | |
| Personal name | Vyas, S.P. |
| 9 (RLIN) | 111414 |
| 245 ## - TITLE STATEMENT | |
| Title | Methods in biotechnology and bioengineering : |
| Remainder of title | for pharmacy and other biosciences / |
| Statement of responsibility, etc. | S.P. Vyas, D.V. Kohli. |
| 250 ## - EDITION STATEMENT | |
| Edition statement | 1st ed. |
| 260 ## - PUBLICATION, DISTRIBUTION, ETC. (IMPRINT) | |
| Place of publication, distribution, etc. | New Dehli, India : |
| Name of publisher, distributor, etc. | CBS Publishers & Distributors, |
| Date of publication, distribution, etc. | 2002 [reprint 2010]. |
| 300 ## - PHYSICAL DESCRIPTION | |
| Pagination | 326 p. : |
| Illustrations | ill. ; |
| Size | 25 cm. |
| 504 ## - BIBLIOGRAPHY, ETC. NOTE | |
| Bibliography, etc | Includes bibliographical references and index. |
| 650 ## - SUBJECT ADDED ENTRY--TOPICAL TERM | |
| Topical term or geographic name as entry element | Biotechnology. |
| 9 (RLIN) | 111415 |
| Topical term or geographic name as entry element | Bioengineering. |
| 9 (RLIN) | 41683 |
| 700 ## - ADDED ENTRY--PERSONAL NAME | |
| Personal name | Kohli, D.V. |
| 942 ## - ADDED ENTRY ELEMENTS (KOHA) | |
| Source of classification or shelving scheme | Dewey Decimal Classification |
| Koha item type | Books |
| Lost status | Source of classification or shelving scheme | Damaged status | Not for loan | Collection code | Permanent Location | Current Location | Shelving location | Date acquired | Source of acquisition | Cost, normal purchase price | Total Checkouts | Full call number | Date last seen | Copy number | Koha item type |
|---|---|---|---|---|---|---|---|---|---|---|---|---|---|---|---|
| Dewey Decimal Classification | Not For Loan | Non-fiction | Central Library, University of Rajshahi | Central Library, University of Rajshahi | Reading Room | 17/02/2013 | Trim Education, Dhaka | 3375.00 | 660.6 VYM 2010 | 05/07/2014 | C-1 | Books |